书目信息 |
| 题名: |
数学素质论
|
|
| 作者: | 李纯白 著 | |
| 分册: | ||
| 出版信息: | 成都 四川大学出版社 2002 |
|
| 页数: | 300页 | |
| 开本: | 21cm | |
| 丛书名: | ||
| 单 册: | ||
| 中图分类: | G633.603 | |
| 科图分类: | ||
| 主题词: | 数学课 , 素质教育 , 数学课--素质教育--中学--研究 | |
| 电子资源: | ||
| ISBN: | 7-5614-2313-6 | |
| 000 | 00802nam0 2200241 45 | |
| 001 | 020000029143 | |
| 005 | 20050926165241.32 | |
| 010 | @a7-5614-2313-6@dCNY18.00 | |
| 100 | @a20050114e20032002ekmy0chiy0120 ea | |
| 101 | 0 | @achi |
| 102 | @aCN@b510000 | |
| 105 | @aa z 000yy | |
| 200 | 1 | @a数学素质论@9shu xue su zhi lun@f李纯白著@Fli chun bai zhu |
| 210 | @a成都@c四川大学出版社@d2002@h2003重印 | |
| 215 | @a300页@c图@d21cm | |
| 330 | @a本书用数学问题、数学概念、数学模型、数学推理、数学问题的解答思路、构造辅助问题的方法、解答数学问题的策略7章论述了数学教育教学的各个重要方面。 | |
| 606 | 0 | @a数学课 |
| 606 | 0 | @a素质教育 |
| 606 | 0 | @a数学课@x素质教育@x中学@x研究 |
| 690 | @aG633.603@v4 | |
| 701 | 0 | @a李纯白@Ali chun bai@4著 |
| 801 | 0 | @aCN@bTSSF@c20050926 |
| 905 | @a10447@dG633.603@e334 | |
| 数学素质论/李纯白著.-成都:四川大学出版社,2002(2003重印) |
| 300页:图;21cm |
| ISBN 7-5614-2313-6:CNY18.00 |
| 本书用数学问题、数学概念、数学模型、数学推理、数学问题的解答思路、构造辅助问题的方法、解答数学问题的策略7章论述了数学教育教学的各个重要方面。 |
| ● |
| 相关链接 |
|
|
|
|
正题名:数学素质论
索取号:G633.603/334
 
预约/预借
| 序号 | 登录号 | 条形码 | 馆藏地/架位号 | 状态 | 备注 |
| 1 | 0363417 | 3634179 | 第一样本阅览室/ [索取号:G633.603/334] | 在馆 | |
| 2 | 0363418 | 3634188 | 第四借阅区/ [索取号:G633.603/334] | 在馆 | |
| 3 | 0363419 | 3634197 | 第四借阅区/ [索取号:G633.603/334] | 在馆 | |
| 4 | 0363420 | 3634204 | 第四借阅区/ [索取号:G633.603/334] | 在馆 | |
| 5 | 0363421 | 3634213 | 第四借阅区/ [索取号:G633.603/334] | 在馆 | |
| 6 | 0363422 | 3634222 | 密集书库/ [索取号:G633.603/334] | 在馆 | |
| 7 | 0363423 | 3634231 | 密集书库/ [索取号:G633.603/334] | 在馆 | |
| 8 | 0363424 | 3634240 | 密集书库/ [索取号:G633.603/334] | 在馆 |